000 00673nam a2200229Ia 4500
003 OSt
005 20220923220829.0
006 a|||||r|||| 00| 0
007 ta
008 220922b |||||||| |||| 00| 0 hin d
024 _a191,092
037 _cTextual
040 _aARTS
_cARTS
_bhin
041 _2hin
_ahin
082 _aR693, 152L3
100 _aनथमल
245 0 _aजैन दर्शन मनन और मीमांसा, संपा दुलहराज
246 _aJain darshan hinan aur mīmāansā, sanpā0 dulaharāja
260 _c1973
942 _hR693, 152L3
_cTEXL
_2CC
999 _c343812
_d343812